The word and the Christ : An essay in analytic christology / Richard Sturch (Registro nro. 46172)
[ vista simple ]
| 000 -LÍDER | |
|---|---|
| Campo fijo de descripción fija | 015210000a22002170004500 |
| 020 ## - NÚMERO INTERNACIONAL NORMALIZADO PARA LIBROS | |
| Número Internacional Normalizado del libro | 0-19-826198-5 |
| 082 04 - NÚMERO DE CLASIFICACIÓN DECIMAL DEWEY | |
| Número de clasificación | G 232 S78w |
| 001 - NÚMERO DE CONTROL | |
| Campo de control | 19811 |
| 100 1# - ASIENTO PRINCIPAL--NOMBRE PERSONAL | |
| Nombre personal | Sturch, Richard |
| 245 10 - TÍTULO | |
| Título del Material | The word and the Christ : An essay in analytic christology / Richard Sturch |
| 260 ## - PUBLICACIÓN, DISTRIBUCIÓN, ETC. (PIE DE IMPRENTA) | |
| Lugar de publicación, distribución, etc. | Oxford, England : Clarendon Press |
| 300 ## - DESCRIPCIÓN FÍSICA | |
| Extensión | 292 páginas |
| 336 ## - CONTENT TYPE | |
| Content type term | texto |
| Content type code | txt |
| Source | rdacontent |
| 337 ## - MEDIA TYPE | |
| Source | rdamedia |
| Media type term | sin mediación |
| Media type code | n |
| 338 ## - CARRIER TYPE | |
| Source | rdacarrier |
| Carrier type term | volumen |
| Carrier type code | nc |
| 500 ## - NOTA GENERAL | |
| Nota General | Incluye índice (p. 289-292) |
| 501 ## - NOTA DE “CON” | |
| Nota de Contenido | Pasta dura |
| 505 00 - NOTA DE CONTENIDO | |
| Nota de contenido con formato preestablecido | La palabra y el Cristo: Un ensayo en cristología analítica - Distinciones dentro la cristología - La "obsolescencia" de puntos de vista tradicionales - La "incoherencia lógica" de puntos de vista tradicionales - Los "problemas insolubles" que surgen de las visiones tradicionales - La "imposibilidad" los puntos de vista tradicionales en cuanto a una apropiada visión de Dios y su mundo - La "falta de pruebas" - La base de una cristología analítica - Las restricciones teológicas - Las implicaciones de la revelación universal y la expiación - Enfoques para el análisis - El vínculo entre Dios y el hombre en Jesús - La carga de la obsolescencia discutida - La coherencia interna de la posición tradicional - Encarnación y "vida interior" - Acción divina - La relación de Cristo con la raza humana - Consideraciones éticas - Las preguntas de los cristologos - La cuestión de la evidencia. |
| 650 14 - ASIENTO SECUNDARIO DE MATERIA - TERMINO TEMÁTICO | |
| Término temático o nombre geográfico como elemento de entrada | Jesucristo \ Palabra (Teología) |
| 942 ## - TIPO DE MATERIAL (KOHA) | |
| Tipo de Item KOHA | Libros General |
| Estado de Material | Estado de Perdido | Estado de Dañado | No para Préstamo | Colección | Tomo | Biblioteca de Origen | Biblioteca Permanente | Fecha de Adquisición | Total de Préstamos | Signatura Topográfica | Código de Barras | Última vez visto | Última vez Préstado | Ejemplar/Existencia | Fecha de Remplazo | Tipo de Material |
|---|---|---|---|---|---|---|---|---|---|---|---|---|---|---|---|---|
| Colección General | Biblioteca FUSBC | Biblioteca FUSBC | 19/05/2015 | 1 | G 232 S78w | 19890 | 12/12/2019 | 29/03/2016 | 1 | 26/01/2016 | Libros General |
